| 000 | 00872nam a2200289Ia 4500 | ||
|---|---|---|---|
| 001 | Para_4563 | ||
| 003 | CHAP | ||
| 008 | 220125s1946 xx 000 0 und d | ||
| 010 | _a203044 | ||
| 040 | _cCHAP | ||
| 090 | _aPA FOLLETO 1846 | ||
| 100 |
_aMayer, E. L. _973232 |
||
| 245 |
_aNicotine insecticides : _b part II-search for activators / _c by E. L. Mayer, Florence B. Talley and C. F. Woodward |
||
| 260 |
_aWashington : _b Department of Agriculture |
||
| 300 | _a16 p. ; tablas | ||
| 440 |
_aEUA. Dept. of Agri. E-709 _938766 |
||
| 650 |
_aNicotina como insecticida _981215 |
||
| 700 |
_aTalley, Florence B. _9111493 |
||
| 700 |
_aWoodward, C. F. _9122578 |
||
| 901 | _aPA FOLLETO 1846 | ||
| 902 | _aA | ||
| 905 | _a0000001946 WAS 0000000000 00 | ||
| 910 | _a1946 | ||
| 942 | _cPARA | ||
| 942 |
_cPARA _d1 |
||
| 999 |
_c203044 _d203044 |
||